000 00831nam a2200265 i 4500
001 C2-0340587
003 PPAK
005 20180728142453.0
008 170130s2016 enka|||| ||||| | eng d
020 _a9781785780905
040 _aPPAK
_beng
_cPPAK
_erda
082 0 4 _a796.334092
_223
090 0 0 _a796.334092
_bCAI
_dG
100 1 _aCaioli, Luca,
_d1958-
_eauthor
245 1 0 _aMessi :
_bmore than a superstar
250 _a2017 updated edition
264 1 _aLondon :
_bIcon Books ,
_c2016
300 _aviii, 343 pages :
_bcolour photographs ;
_c20 cm
336 _2rdacontent
_atext
337 _2rdamedia
_aunmediated
338 _2rdacarrier
_avolume
500 _aIncludes bibliographical references (pages 341-343).
650 1 0 _aMessi, Lionel, 1987- ; Soccer players - Argentina - Biography.
942 _ddc
_cB
999 _c137731
_d137731